Ninho - La vie qu'on mène - Statistiques

Statistiques générales
  • Ce quiz a été pris 2 111 fois
    2 083 depuis la dernière actualisation
  • Le résultat moyen est 284 sur 431
Statistiques - réponses
Réponse % Correct
a
99%
A
99%
à
99%
l'
98%
c'
97%
m'
97%
j'
96%
J'
96%
la
96%
96%
on
96%
On
96%
qu'
96%
d'
95%
s'
95%
vie
95%
fait
94%
me
94%
pour
94%
Pour
94%
t'
94%
famille
93%
le
93%
Le
93%
que
93%
ca
92%
ne
92%
en
91%
et
91%
Et
91%
mène
91%
du
90%
par
90%
Regarde
90%
au
88%
de
88%
sale
88%
nos
87%
est
86%
font
86%
parents
86%
toujours
86%
ciel
85%
les
84%
Les
84%
pas
84%
Pas
84%
rejoindre
84%
suis
84%
irais
83%
ou
83%
prier
83%
ma
82%
si
82%
un
82%
je
81%
petit
80%
dans
79%
moi
78%
Lamine
76%
cours
75%
Pardonne
75%
Bientôt
74%
derrière
73%
ce
72%
quatre
71%
comme
70%
Dis
70%
étoiles
70%
sous
70%
avec
69%
milliers
69%
trop
69%
elle
68%
il
68%
des
67%
Crète
65%
maillot
64%
dîner
63%
loin
63%
très
63%
bizarre
62%
mes
61%
va
61%
affaires
60%
attends
60%
Rimkus
60%
bébé
59%
chargée
59%
disparaîtrais
59%
million
57%
nez
57%
pété
57%
Savastano
57%
mais
56%
deux
54%
désirer
53%
doigts
53%
instant
52%
péter
51%
Houdini
50%
pédé
50%
réfléchis
50%
Vaillant
50%
vaillant
50%
ai
49%
bah
49%
qui
49%
hall
47%
tout
44%
Y'
44%
Y
44%
heure
40%
toute
37%
argent
36%
Malia
36%
avion
35%
champ
35%
cinq
35%
Cinq
35%
plata
35%
Tu
34%
réputations
33%
arrive
32%
doré
32%
facile
32%
sauver
32%
tête
32%
après
31%
lundi
31%
mardi
31%
peut
31%
gérant
30%
lève
30%
nous
30%
rien
30%
tentations
30%
toutes
30%
une
30%
Souleymane
29%
heures
28%
laisse
28%
peur
28%
vienne
28%
daronne
27%
enlever
27%
Evitons
27%
Champs
26%
façon
26%
tire
26%
vers
26%
vrai
26%
cette
25%
chaussures
25%
Dimeh
25%
éclater
25%
Elysées
25%
fascine
25%
ils
25%
rêve
25%
son
25%
leur
24%
avoir
23%
bests
23%
Black
23%
brutal
23%
magnum
23%
plus
23%
Quand
23%
réveil
23%
Seychelles
23%
ton
23%
aux
22%
bretelles
22%
long
22%
mon
22%
père
22%
piquent
22%
remonté
22%
Tupac
22%
357
21%
baise
21%
demain
21%
Panther
21%
peloton
21%
rapplique
21%
21%
machin
20%
Minuit
20%
prof
20%
restent
20%
veux
20%
vous
20%
ans
19%
discuter
19%
fils
19%
Mekness
19%
mille
19%
serai
19%
tard
19%
tranquilles
19%
volaille
19%
Destin
18%
dires
18%
dissipé
18%
Elève
18%
vais
18%
coups
17%
demandera
17%
donner
17%
mains
17%
Pequeno
17%
planter
17%
tropiques
17%
allez
16%
prochain
16%
raconter
16%
appellera
15%
échappe
15%
grappling
15%
gonflé
14%
mendicité
14%
to-ph
14%
albums
13%
cent
13%
équipe
13%
prendra
13%
papier
11%
tout-par
10%
barreaux
8%
millers
1%
Aucun quiz correspondant
Distribution des résultats
% des personnes avec chaque résultat
Percentile par nombre de réponses
Votre historique - résultats
Vous n’avez pas pris ce quiz depuis la dernière actualisation